The Lords of Fire Emblem - Statistics

General Stats
  • This quiz has been taken 930 times
    730 since last reset
  • The average score is 28 of 30
Answer Stats
Game Lord % Correct
FE1 Marth
99%
FE3 Marth
99%
FE11 Marth
99%
FE12 Marth
99%
FE6 Roy
99%
FE13 Chrom
98%
FE9 Ike
98%
FE10 Ike
98%
FE14 Corrin
97%
FE13 Robin
96%
FE13 Lucina
95%
FE16 Byleth
94%
FE7 Lyndis
94%
FE2 Alm
93%
FE15 Alm
93%
FE16 Claude
93%
FE7 Eliwood
93%
FE7 Hector
93%
FE2 Celica
92%
FE15 Celica
92%
FE16 Dimitri
92%
FE16 Edelgard
92%
FE8 Eirika
90%
FE8 Ephraim
87%
FE4 Sigurd
84%
FE14 Azura
83%
FE5 Leif
83%
FE4 Seliph
80%
FE10 Micaiah
79%
FE12 Kris
72%
No matching quizzes found
Score Distribution
Percent of People with Each Score
Percentile by Number Answered
Your Score History
You have not taken this quiz since the last reset